| 000 | 00759nam a2200265 a 4500 | ||
|---|---|---|---|
| 001 | 25765 | ||
| 003 | CO-ViMGA | ||
| 008 | 141112s2004 ck r 000 u spa d | ||
| 020 | _a9789586828925 | ||
| 040 |
_aCO-ViMGA _bspa _cCO-ViMGA |
||
| 041 | _aSPA | ||
| 090 | _aC CUE137 | ||
| 245 | 1 | 0 |
_aCuentos legendarios de la antigua China / _cselección Yuan Yang |
| 250 | _a1a ed. | ||
| 260 |
_aMadrid : _bEditorial Popular, _c2013 |
||
| 300 | _a252 p. | ||
| 490 | _aLetra grande : Maior | ||
| 500 | _aIncluye índice | ||
| 650 | 1 | 4 |
_aCUENTOS CHINOS - COLECCIONES _939825 |
| 650 | 1 | 4 |
_aCUENTOS POPULARES CHINOS _939826 |
| 650 | 1 | 4 |
_aLITERATURA CHINA _92696 |
| 651 |
_aCHINA - CUENTOS Y LEYENDAS _939827 |
||
| 700 | 1 |
_aYuang, Yang _939828 |
|
| 942 |
_2ddc _cBK |
||
| 999 |
_c5331 _d5331 |
||